[Event "Russian Championship (Blitz, Women)"]
[Site "Sochi"]
[Date "2018.10.07"]
[Round "11.11"]
[White "Bivol, Alina"]
[Black "Borisova, Ekaterina"]
[Result "1-0"]
[BlackElo "2000"]
[WhiteElo "2217"]
[LiveChessVersion "1.4.8"]

1. Nf3 {[%clk 0:03:03]} Nf6 {[%clk 0:03:04]} 2. g3 {[%clk 0:03:04]} g6
{[%clk 0:03:05]} 3. Bg2 {[%clk 0:03:05]} Bg7 {[%clk 0:03:06]} 4. d4
{[%clk 0:03:06]} d5 {[%clk 0:03:08]} 5. O-O {[%clk 0:03:07]} O-O {[%clk 0:03:09]}
6. Nbd2 {[%clk 0:03:08]} b6 {[%clk 0:03:03]} 7. c4 {[%clk 0:03:07]} c6
{[%clk 0:03:02]} 8. b3 {[%clk 0:03:07]} Bb7 {[%clk 0:03:03]} 9. Bb2
{[%clk 0:03:08]} Nbd7 {[%clk 0:03:03]} 10. Ne5 {[%clk 0:03:05]} Rc8
{[%clk 0:02:47]} 11. e3 {[%clk 0:03:01]} Ne8 {[%clk 0:02:42]} 12. Rc1
{[%clk 0:02:58]} f6 {[%clk 0:02:08]} 13. Nxd7 {[%clk 0:02:58]} Qxd7
{[%clk 0:02:09]} 14. e4 {[%clk 0:02:55]} dxe4 {[%clk 0:02:05]} 15. Nxe4
{[%clk 0:02:54]} f5 {[%clk 0:02:04]} 16. Ng5 {[%clk 0:02:50]} h6 {[%clk 0:02:02]}
17. Nf3 {[%clk 0:02:51]} c5 {[%clk 0:02:00]} 18. Re1 {[%clk 0:02:39]} Bxf3
{[%clk 0:01:49]} 19. Bxf3 {[%clk 0:02:38]} cxd4 {[%clk 0:01:49]} 20. Bd5+
{[%clk 0:02:35]} Kh7 {[%clk 0:01:49]} 21. Be6 {[%clk 0:02:36]} Qd8
{[%clk 0:01:47]} 22. Bxc8 {[%clk 0:02:36]} Qxc8 {[%clk 0:01:48]} 23. Rxe7 1-0

[Event "Russian Championship (Blitz, Women)"]
[Site "Sochi"]
[Date "2018.10.07"]
[Round "12.2"]
[White "Bodnaruk, Anastasia"]
[Black "Vinokur, Yuliya"]
[Result "1-0"]
[BlackElo "2044"]
[WhiteElo "2358"]
[LiveChessVersion "1.4.8"]

1. e4 {[%clk 0:03:03]} Nf6 2. e5 Nd5 {[%clk 0:03:04]} 3. d4 {[%clk 0:03:06]} d6
{[%clk 0:03:05]} 4. Nf3 {[%clk 0:03:07]} Bg4 {[%clk 0:03:06]} 5. Be2
{[%clk 0:03:05]} e6 {[%clk 0:03:07]} 6. c4 {[%clk 0:03:02]} Nb6 {[%clk 0:03:08]}
7. O-O {[%clk 0:03:02]} Be7 {[%clk 0:03:09]} 8. Nc3 {[%clk 0:03:01]} O-O
{[%clk 0:03:09]} 9. Be3 {[%clk 0:02:52]} d5 {[%clk 0:03:09]} 10. c5
{[%clk 0:02:48]} Bxf3 {[%clk 0:03:09]} 11. gxf3 {[%clk 0:02:50]} Nc8
{[%clk 0:03:10]} 12. b4 {[%clk 0:02:47]} Bg5 {[%clk 0:02:44]} 13. f4
{[%clk 0:02:32]} Bh6 {[%clk 0:02:44]} 14. Kh1 {[%clk 0:02:32]} Qh4
{[%clk 0:02:30]} 15. Qd2 {[%clk 0:02:27]} Ne7 {[%clk 0:02:23]} 16. Rg1
{[%clk 0:02:27]} Nf5 {[%clk 0:02:04]} 17. Rg4 {[%clk 0:02:13]} Qh3
{[%clk 0:02:03]} 18. Rag1 {[%clk 0:02:09]} Nc6 {[%clk 0:01:36]} 19. b5
{[%clk 0:01:19]} Na5 {[%clk 0:01:32]} 20. Nd1 {[%clk 0:00:36]} Nc4
{[%clk 0:01:26]} 21. Qc1 {[%clk 0:00:27]} Ncxe3 {[%clk 0:01:10]} 22. fxe3
{[%clk 0:00:20]} a6 {[%clk 0:00:53]} 23. bxa6 {[%clk 0:00:14]} bxa6
{[%clk 0:00:54]} 24. Qd2 {[%clk 0:00:15]} a5 {[%clk 0:00:42]} 25. Qe1
{[%clk 0:00:11]} Rab8 {[%clk 0:00:33]} 26. R4g3 {[%clk 0:00:06]} Qh4
{[%clk 0:00:16]} 27. R3g2 {[%clk 0:00:04]} Qxe1 {[%clk 0:00:12]} 28. Rxe1
{[%clk 0:00:06]} Rb1 {[%clk 0:00:13]} 29. Kg1 {[%clk 0:00:07]} Nxe3
{[%clk 0:00:11]} 30. Nxe3 {[%clk 0:00:07]} Rxe1+ 31. Kf2 Ra1 {[%clk 0:00:12]} 32.
Kf3 {[%clk 0:00:10]} Rxa2 {[%clk 0:00:12]} 33. Ng4 {[%clk 0:00:11]} Kh8
{[%clk 0:00:11]} 34. Rg1 {[%clk 0:00:12]} Rb8 {[%clk 0:00:10]} 35. Nxh6
{[%clk 0:00:12]} gxh6 {[%clk 0:00:11]} 36. Bd3 {[%clk 0:00:10]} Ra3
{[%clk 0:00:11]} 37. Ke3 {[%clk 0:00:11]} Rbb3 {[%clk 0:00:12]} 38. Rd1
{[%clk 0:00:13]} a4 {[%clk 0:00:08]} 39. Ke2 {[%clk 0:00:14]} Rxd3
{[%clk 0:00:05]} 40. Rxd3 {[%clk 0:00:15]} Rxd3 41. Kxd3 {[%clk 0:00:16]} Kg7
{[%clk 0:00:07]} 42. Kc3 {[%clk 0:00:15]} Kg6 {[%clk 0:00:08]} 43. Kb4
{[%clk 0:00:17]} Kf5 {[%clk 0:00:09]} 44. Kxa4 Ke4 {[%clk 0:00:10]} 45. Kb5
{[%clk 0:00:12]} Kxd4 {[%clk 0:00:11]} 46. c6 {[%clk 0:00:12]} h5
{[%clk 0:00:10]} 47. Ka6 {[%clk 0:00:13]} Kc5 {[%clk 0:00:11]} 48. Kb7
{[%clk 0:00:14]} d4 {[%clk 0:00:12]} 49. Kxc7 {[%clk 0:00:16]} d3
{[%clk 0:00:13]} 50. Kb7 {[%clk 0:00:17]} d2 {[%clk 0:00:14]} 51. c7
{[%clk 0:00:18]} d1=Q {[%clk 0:00:14]} 52. c8=Q+ {[%clk 0:00:18]} Kb4
{[%clk 0:00:10]} 53. Qf8+ {[%clk 0:00:19]} Kb3 {[%clk 0:00:09]} 54. Qxf7
{[%clk 0:00:19]} Qd5+ {[%clk 0:00:09]} 55. Kc7 {[%clk 0:00:20]} Kc3
{[%clk 0:00:05]} 56. Qxh7 {[%clk 0:00:18]} Qc4+ {[%clk 0:00:06]} 57. Kd6
{[%clk 0:00:19]} Qd5+ {[%clk 0:00:05]} 58. Kc7 {[%clk 0:00:19]} Qc4+
{[%clk 0:00:03]} 59. Kd8 {[%clk 0:00:13]} Qd5+ {[%clk 0:00:05]} 60. Qd7
{[%clk 0:00:14]} Qa8+ {[%clk 0:00:05]} 61. Qc8+ {[%clk 0:00:11]} Qxc8+
{[%clk 0:00:06]} 62. Kxc8 {[%clk 0:00:12]} Kd4 {[%clk 0:00:07]} 63. Kd7
{[%clk 0:00:14]} Kd5 {[%clk 0:00:09]} 64. Ke7 {[%clk 0:00:13]} 1-0

[Event "Russian Championship (Blitz, Women)"]
[Site "Sochi"]
[Date "2018.10.07"]
[Round "12.5"]
[White "Belenkaya, Dina"]
[Black "Sukhareva, Evgeniya"]
[Result "0-1"]
[BlackElo "2186"]
[WhiteElo "2164"]
[LiveChessVersion "1.4.8"]

1. e4 {[%clk 0:03:03]} g6 {[%clk 0:03:03]} 2. d4 {[%clk 0:03:02]} Bg7
{[%clk 0:03:05]} 3. Nc3 {[%clk 0:02:48]} d6 {[%clk 0:03:05]} 4. Nf3
{[%clk 0:02:44]} c6 {[%clk 0:03:05]} 5. a4 {[%clk 0:02:42]} Nf6 {[%clk 0:03:06]}
6. Be2 {[%clk 0:02:39]} O-O {[%clk 0:03:06]} 7. O-O Qc7 8. a5 {[%clk 0:02:34]} e5
{[%clk 0:03:09]} 9. dxe5 {[%clk 0:02:32]} dxe5 {[%clk 0:03:09]} 10. Bc4
{[%clk 0:02:27]} Nbd7 {[%clk 0:03:08]} 11. Qe2 {[%clk 0:02:27]} Nc5
{[%clk 0:03:08]} 12. h3 {[%clk 0:02:25]} Be6 {[%clk 0:03:08]} 13. Bxe6
{[%clk 0:02:25]} Nxe6 {[%clk 0:03:09]} 14. Be3 {[%clk 0:02:23]} Nf4
{[%clk 0:03:08]} 15. Qc4 {[%clk 0:02:21]} Rfd8 {[%clk 0:02:34]} 16. a6
{[%clk 0:01:49]} Ne8 {[%clk 0:02:23]} 17. axb7 {[%clk 0:01:31]} Qxb7
{[%clk 0:02:23]} 18. b3 {[%clk 0:01:28]} Nc7 {[%clk 0:01:59]} 19. Ra5
{[%clk 0:01:27]} Re8 {[%clk 0:01:46]} 20. Rfa1 {[%clk 0:01:25]} a6
{[%clk 0:01:46]} 21. Na4 {[%clk 0:01:17]} Nb5 {[%clk 0:01:33]} 22. Nc5
{[%clk 0:01:16]} Qc8 {[%clk 0:01:29]} 23. Rxa6 {[%clk 0:01:13]} Rxa6
{[%clk 0:01:28]} 24. Rxa6 {[%clk 0:01:13]} Bf8 {[%clk 0:01:02]} 25. Qa4
{[%clk 0:01:08]} Nxh3+ {[%clk 0:00:49]} 26. gxh3 {[%clk 0:00:50]} Qxh3
{[%clk 0:00:50]} 27. Nh2 {[%clk 0:00:46]} Nc3 {[%clk 0:00:27]} 28. Qc4
{[%clk 0:00:44]} Nd1 {[%clk 0:00:16]} 29. Nd7 {[%clk 0:00:23]} Qxd7
{[%clk 0:00:13]} 30. Qe2 {[%clk 0:00:15]} Nxe3 {[%clk 0:00:12]} 31. fxe3
{[%clk 0:00:16]} Rd8 {[%clk 0:00:10]} 32. Nf1 {[%clk 0:00:15]} h5
{[%clk 0:00:11]} 33. Ra5 {[%clk 0:00:10]} Qe7 {[%clk 0:00:11]} 34. Ra6
{[%clk 0:00:06]} Qf6 {[%clk 0:00:10]} 35. Qf2 {[%clk 0:00:04]} Qe6
{[%clk 0:00:11]} 36. Rb6 {[%clk 0:00:03]} Bc5 {[%clk 0:00:11]} 37. Rb7
{[%clk 0:00:04]} Bf8 {[%clk 0:00:10]} 38. c4 {[%clk 0:00:05]} Rd1
{[%clk 0:00:08]} 39. Qf3 {[%clk 0:00:04]} Rd3 {[%clk 0:00:09]} 40. Rb8
{[%clk 0:00:04]} Kg7 {[%clk 0:00:09]} 41. Rb7 {[%clk 0:00:05]} Bc5
{[%clk 0:00:10]} 42. Kf2 {[%clk 0:00:05]} Rc3 {[%clk 0:00:11]} 43. Kg2
{[%clk 0:00:05]} Rc2+ {[%clk 0:00:12]} 44. Kg1 {[%clk 0:00:06]} Ba3
{[%clk 0:00:10]} 45. Rc7 {[%clk 0:00:05]} Be7 {[%clk 0:00:11]} 46. Rb7
{[%clk 0:00:06]} Bg5 {[%clk 0:00:12]} 47. Rc7 {[%clk 0:00:06]} Bh4
{[%clk 0:00:13]} 48. Rb7 {[%clk 0:00:04]} Bf2+ {[%clk 0:00:13]} 49. Kh1
{[%clk 0:00:05]} Be1 {[%clk 0:00:14]} 50. Ra7 {[%clk 0:00:05]} Rf2
{[%clk 0:00:14]} 51. Qg3 {[%clk 0:00:04]} Rxf1+ {[%clk 0:00:15]} 52. Kg2
{[%clk 0:00:05]} Bxg3 {[%clk 0:00:15]} 53. Kxf1 {[%clk 0:00:05]} Qh3+
{[%clk 0:00:16]} 54. Ke2 {[%clk 0:00:06]} Qg2+ {[%clk 0:00:17]} 55. Kd3
{[%clk 0:00:07]} Be1 {[%clk 0:00:17]} 56. Kd4 0-1

[Event "Russian Championship (Blitz, Women)"]
[Site "Sochi"]
[Date "2018.10.07"]
[Round "12.6"]
[White "Maletina, Tatiana"]
[Black "Shafigullina, Zarina"]
[Result "1-0"]
[BlackElo "1992"]
[WhiteElo "2339"]
[LiveChessVersion "1.4.8"]

1. d4 {[%clk 0:03:03]} Nf6 {[%clk 0:03:03]} 2. c4 {[%clk 0:03:04]} e6
{[%clk 0:03:04]} 3. g3 {[%clk 0:03:05]} d5 {[%clk 0:02:56]} 4. Nf3
{[%clk 0:03:05]} b6 {[%clk 0:02:55]} 5. cxd5 {[%clk 0:02:56]} exd5
{[%clk 0:02:55]} 6. Bg2 {[%clk 0:02:56]} Be7 {[%clk 0:02:53]} 7. O-O
{[%clk 0:02:56]} O-O {[%clk 0:02:54]} 8. Nc3 {[%clk 0:02:57]} c6 {[%clk 0:02:53]}
9. Ne5 {[%clk 0:02:47]} Bf5 {[%clk 0:02:50]} 10. h3 {[%clk 0:02:46]} Nfd7
{[%clk 0:02:51]} 11. Nd3 {[%clk 0:02:45]} Bf6 {[%clk 0:02:48]} 12. Be3
{[%clk 0:02:42]} Na6 {[%clk 0:02:39]} 13. g4 {[%clk 0:02:43]} Bg6
{[%clk 0:02:08]} 14. f4 {[%clk 0:02:42]} h5 {[%clk 0:01:57]} 15. g5
{[%clk 0:02:35]} Be7 {[%clk 0:01:55]} 16. f5 {[%clk 0:02:36]} Bh7
{[%clk 0:01:48]} 17. h4 {[%clk 0:02:37]} Nc7 {[%clk 0:01:46]} 18. Bf2
{[%clk 0:02:19]} Bxf5 {[%clk 0:01:30]} 19. Nf4 {[%clk 0:02:19]} g6
{[%clk 0:01:28]} 20. Bg3 {[%clk 0:02:13]} Ne6 {[%clk 0:01:25]} 21. Nxh5
{[%clk 0:02:13]} Nxd4 {[%clk 0:01:22]} 22. Nf4 {[%clk 0:01:49]} Ne6
{[%clk 0:01:12]} 23. Nd3 {[%clk 0:01:50]} Nec5 {[%clk 0:01:06]} 24. Nf2
{[%clk 0:01:40]} Nb8 {[%clk 0:00:46]} 25. e4 {[%clk 0:01:34]} dxe4
{[%clk 0:00:45]} 26. Nfxe4 {[%clk 0:01:34]} Nxe4 {[%clk 0:00:43]} 27. Nxe4
{[%clk 0:01:35]} Qxd1 {[%clk 0:00:24]} 28. Raxd1 {[%clk 0:01:36]} Nd7
{[%clk 0:00:26]} 29. Nd6 {[%clk 0:01:31]} Bxd6 {[%clk 0:00:09]} 30. Rxd6
{[%clk 0:01:32]} Nc5 {[%clk 0:00:08]} 31. Bxc6 {[%clk 0:01:26]} Rad8
{[%clk 0:00:09]} 32. Rfd1 {[%clk 0:01:24]} Rxd6 {[%clk 0:00:09]} 33. Rxd6
{[%clk 0:01:22]} Ne4 {[%clk 0:00:11]} 34. Bxe4 {[%clk 0:01:22]} Bxe4
{[%clk 0:00:12]} 35. Rd7 {[%clk 0:01:22]} a6 {[%clk 0:00:12]} 36. Be5
{[%clk 0:01:23]} Bf5 {[%clk 0:00:09]} 37. Ra7 {[%clk 0:01:20]} Bd3
{[%clk 0:00:10]} 38. Kf2 {[%clk 0:01:20]} Re8 {[%clk 0:00:07]} 39. Bf6
{[%clk 0:01:18]} Rc8 {[%clk 0:00:04]} 40. Ke3 {[%clk 0:01:17]} Bb5
{[%clk 0:00:05]} 41. Rb7 {[%clk 0:01:17]} Re8+ {[%clk 0:00:04]} 42. Kd4
{[%clk 0:01:17]} Bc6 {[%clk 0:00:05]} 43. Rxb6 {[%clk 0:01:17]} Bb5
{[%clk 0:00:07]} 44. Rb7 {[%clk 0:01:15]} Bf1 {[%clk 0:00:07]} 45. b4
{[%clk 0:01:13]} Bb5 {[%clk 0:00:07]} 46. Kc5 {[%clk 0:01:09]} Rc8+
{[%clk 0:00:08]} 47. Kd6 {[%clk 0:01:10]} Rc6+ {[%clk 0:00:09]} 48. Kd5
{[%clk 0:01:06]} Rc8 {[%clk 0:00:09]} 49. Ra7 {[%clk 0:01:01]} Bc4+
{[%clk 0:00:09]} 50. Kd4 {[%clk 0:01:00]} Bxa2 {[%clk 0:00:10]} 51. Rxa6
{[%clk 0:01:01]} Be6 52. Ra7 {[%clk 0:00:58]} Rc4+ {[%clk 0:00:09]} 53. Kd3
{[%clk 0:00:57]} Rc8 {[%clk 0:00:08]} 54. Kd2 {[%clk 0:00:56]} Bc4
{[%clk 0:00:07]} 55. Rb7 {[%clk 0:00:53]} Bd5 {[%clk 0:00:07]} 56. Rd7
{[%clk 0:00:53]} Be6 {[%clk 0:00:09]} 57. Re7 {[%clk 0:00:52]} Bd5
{[%clk 0:00:10]} 58. b5 {[%clk 0:00:52]} Rb8 {[%clk 0:00:06]} 59. b6
{[%clk 0:00:53]} Be6 {[%clk 0:00:03]} 60. Kc3 {[%clk 0:00:48]} Bd5
{[%clk 0:00:04]} 61. Kd4 {[%clk 0:00:48]} Bf3 {[%clk 0:00:04]} 62. Kc5
{[%clk 0:00:48]} Bg2 {[%clk 0:00:05]} 63. Rc7 {[%clk 0:00:45]} Bf3
{[%clk 0:00:05]} 64. Be5 {[%clk 0:00:45]} Re8 {[%clk 0:00:04]} 65. Bf6
{[%clk 0:00:44]} Rb8 {[%clk 0:00:05]} 66. Rd7 {[%clk 0:00:38]} Be4
{[%clk 0:00:06]} 67. Re7 {[%clk 0:00:32]} Bf3 {[%clk 0:00:07]} 68. Kb5
{[%clk 0:00:32]} Bg2 {[%clk 0:00:07]} 69. Bd4 {[%clk 0:00:32]} Bf3
{[%clk 0:00:06]} 70. Ka6 {[%clk 0:00:31]} Ra8+ {[%clk 0:00:04]} 71. Ra7
{[%clk 0:00:32]} Rxa7+ {[%clk 0:00:04]} 72. Kxa7 {[%clk 0:00:32]} Kf8
{[%clk 0:00:05]} 73. Bc5+ {[%clk 0:00:22]} Ke8 {[%clk 0:00:06]} 74. b7
{[%clk 0:00:23]} Bxb7 {[%clk 0:00:06]} 75. Kxb7 {[%clk 0:00:25]} Kd7
{[%clk 0:00:07]} 76. Bd4 {[%clk 0:00:21]} Ke6 {[%clk 0:00:08]} 77. Kc6
{[%clk 0:00:22]} Kf5 {[%clk 0:00:10]} 78. Kd6 {[%clk 0:00:22]} Kg4
{[%clk 0:00:11]} 79. Bf2 {[%clk 0:00:24]} Kf5 {[%clk 0:00:12]} 80. Ke7
{[%clk 0:00:25]} Ke5 {[%clk 0:00:11]} 1-0

[Event "Russian Championship (Blitz, Women)"]
[Site "Sochi"]
[Date "2018.10.07"]
[Round "12.10"]
[White "Shuvalova, Polina"]
[Black "Gritsayeva, Oksana"]
[Result "1-0"]
[BlackElo "2083"]
[WhiteElo "2246"]
[LiveChessVersion "1.4.8"]

1. e4 {[%clk 0:03:03]} c5 {[%clk 0:03:04]} 2. Nf3 {[%clk 0:03:04]} e6
{[%clk 0:03:05]} 3. c3 {[%clk 0:03:05]} d5 {[%clk 0:03:05]} 4. exd5
{[%clk 0:03:06]} Qxd5 {[%clk 0:03:05]} 5. d4 {[%clk 0:03:08]} Nf6
{[%clk 0:03:06]} 6. Na3 {[%clk 0:03:08]} cxd4 {[%clk 0:02:58]} 7. Nb5
{[%clk 0:03:03]} Qd8 {[%clk 0:02:57]} 8. Qxd4 {[%clk 0:03:00]} Qxd4
{[%clk 0:02:19]} 9. Nfxd4 {[%clk 0:03:00]} Na6 {[%clk 0:02:19]} 10. Be2
{[%clk 0:02:53]} Bc5 {[%clk 0:02:04]} 11. O-O {[%clk 0:02:51]} O-O
{[%clk 0:02:01]} 12. Bg5 {[%clk 0:02:37]} Bd7 {[%clk 0:01:52]} 13. Bf3
{[%clk 0:02:22]} Bxd4 {[%clk 0:01:33]} 14. Nxd4 {[%clk 0:02:23]} Nc5
{[%clk 0:01:18]} 15. Rad1 {[%clk 0:02:11]} Rac8 {[%clk 0:00:59]} 16. Bxf6
{[%clk 0:02:00]} gxf6 {[%clk 0:01:00]} 17. b3 {[%clk 0:02:01]} b6
{[%clk 0:00:56]} 18. c4 {[%clk 0:02:00]} Rfd8 {[%clk 0:00:51]} 19. Rfe1
{[%clk 0:02:01]} Be8 {[%clk 0:00:47]} 20. g3 {[%clk 0:02:00]} Rd6
{[%clk 0:00:42]} 21. Nc2 {[%clk 0:01:21]} Rcd8 {[%clk 0:00:39]} 22. Nb4
{[%clk 0:01:12]} Kf8 {[%clk 0:00:30]} 23. Rxd6 {[%clk 0:01:05]} Rxd6
{[%clk 0:00:31]} 24. Rd1 {[%clk 0:01:06]} Ke7 {[%clk 0:00:26]} 25. Kg2
{[%clk 0:01:03]} f5 {[%clk 0:00:15]} 26. h4 {[%clk 0:00:57]} a5 {[%clk 0:00:10]}
27. Nc2 {[%clk 0:00:53]} Rxd1 {[%clk 0:00:09]} 28. Bxd1 {[%clk 0:00:55]} Kd6
{[%clk 0:00:06]} 29. Nd4 {[%clk 0:00:42]} Nd3 {[%clk 0:00:04]} 30. Bc2
{[%clk 0:00:30]} Nb4 {[%clk 0:00:03]} 31. Bb1 {[%clk 0:00:29]} Kc5
{[%clk 0:00:03]} 32. Ne2 {[%clk 0:00:27]} Bc6+ {[%clk 0:00:04]} 33. f3
{[%clk 0:00:28]} Bb7 {[%clk 0:00:04]} 34. Kf2 {[%clk 0:00:29]} Nc6
{[%clk 0:00:05]} 35. Ke3 {[%clk 0:00:29]} b5 {[%clk 0:00:04]} 36. cxb5
{[%clk 0:00:26]} Kxb5 {[%clk 0:00:06]} 37. Bd3+ {[%clk 0:00:26]} Kb4
{[%clk 0:00:06]} 38. Kd2 {[%clk 0:00:16]} Ka3 {[%clk 0:00:06]} 39. Nc3
{[%clk 0:00:15]} Nb4 {[%clk 0:00:04]} 40. Bc4 {[%clk 0:00:10]} Nxa2
{[%clk 0:00:03]} 41. Nxa2 {[%clk 0:00:10]} Kxa2 42. b4+ {[%clk 0:00:11]} Ka3
{[%clk 0:00:04]} 43. bxa5 {[%clk 0:00:12]} Kb4 {[%clk 0:00:05]} 44. a6
{[%clk 0:00:12]} Bxf3 {[%clk 0:00:05]} 45. Be2 {[%clk 0:00:10]} Ba8
{[%clk 0:00:05]} 46. Ke3 {[%clk 0:00:11]} Ka5 {[%clk 0:00:06]} 47. Kf4
{[%clk 0:00:12]} Kb6 {[%clk 0:00:06]} 48. Ke5 {[%clk 0:00:12]} Be4
{[%clk 0:00:05]} 49. Kf6 {[%clk 0:00:13]} Ka7 {[%clk 0:00:04]} 50. Kxf7
{[%clk 0:00:13]} e5 {[%clk 0:00:06]} 51. Kf6 {[%clk 0:00:14]} f4 {[%clk 0:00:07]}
52. g4 {[%clk 0:00:11]} f3 {[%clk 0:00:07]} 53. Bf1 {[%clk 0:00:12]} Bc6
{[%clk 0:00:06]} 54. Kxe5 {[%clk 0:00:12]} Bd7 {[%clk 0:00:07]} 55. Kf4
{[%clk 0:00:13]} Bc8 {[%clk 0:00:07]} 56. Kxf3 {[%clk 0:00:13]} Bxa6
{[%clk 0:00:06]} 57. Bxa6 {[%clk 0:00:13]} Kxa6 {[%clk 0:00:08]} 58. Kf4
{[%clk 0:00:14]} Kb6 {[%clk 0:00:09]} 59. Ke5 {[%clk 0:00:15]} Kc6
{[%clk 0:00:11]} 60. Ke4 Kd5+ 1-0

[Event "Russian Championship (Blitz, Women)"]
[Site "Sochi"]
[Date "2018.10.07"]
[Round "12.11"]
[White "Borisova, Ekaterina"]
[Black "Bivol, Alina"]
[Result "0-1"]
[BlackElo "2217"]
[WhiteElo "2000"]
[LiveChessVersion "1.4.8"]

1. d4 {[%clk 0:03:03]} Nf6 {[%clk 0:03:03]} 2. g3 {[%clk 0:03:05]} g6
{[%clk 0:03:04]} 3. Bg2 {[%clk 0:03:06]} Bg7 {[%clk 0:03:05]} 4. Nf3
{[%clk 0:03:07]} O-O {[%clk 0:03:05]} 5. O-O {[%clk 0:03:08]} d6 {[%clk 0:03:06]}
6. c4 {[%clk 0:03:09]} Nc6 {[%clk 0:03:07]} 7. Nc3 {[%clk 0:03:09]} Rb8
{[%clk 0:03:08]} 8. Qd3 {[%clk 0:03:08]} e5 {[%clk 0:02:58]} 9. dxe5
{[%clk 0:03:09]} dxe5 {[%clk 0:02:49]} 10. Qxd8 {[%clk 0:03:09]} Rxd8
{[%clk 0:02:50]} 11. Bg5 {[%clk 0:03:11]} Be6 {[%clk 0:02:37]} 12. Nd2
{[%clk 0:02:51]} h6 {[%clk 0:02:18]} 13. Bxf6 {[%clk 0:02:51]} Rxd2
{[%clk 0:02:15]} 14. Bxg7 {[%clk 0:02:43]} Kxg7 {[%clk 0:02:16]} 15. Bxc6
{[%clk 0:02:44]} bxc6 {[%clk 0:02:17]} 16. b3 {[%clk 0:02:46]} f5
{[%clk 0:02:03]} 17. Rfd1 {[%clk 0:02:43]} Rbd8 {[%clk 0:02:03]} 18. Kf1
{[%clk 0:02:27]} R8d6 {[%clk 0:01:54]} 19. Ke1 {[%clk 0:02:24]} Rc2
{[%clk 0:01:55]} 20. Rac1 {[%clk 0:02:09]} Rxc1 {[%clk 0:01:15]} 21. Rxc1
{[%clk 0:02:10]} Kf6 {[%clk 0:01:11]} 22. h4 {[%clk 0:02:04]} g5 {[%clk 0:01:10]}
23. hxg5+ {[%clk 0:02:05]} hxg5 {[%clk 0:01:12]} 24. Na4 {[%clk 0:02:04]} e4
{[%clk 0:01:04]} 25. Nc5 {[%clk 0:02:03]} Bc8 {[%clk 0:01:04]} 26. e3
{[%clk 0:01:50]} Ke5 {[%clk 0:01:02]} 27. Ke2 {[%clk 0:01:50]} f4
{[%clk 0:01:00]} 28. gxf4+ {[%clk 0:01:43]} gxf4 {[%clk 0:01:00]} 29. Rg1
{[%clk 0:01:40]} Bf5 {[%clk 0:00:38]} 30. Rg5 {[%clk 0:01:19]} fxe3
{[%clk 0:00:32]} 31. fxe3 {[%clk 0:01:18]} Kf6 {[%clk 0:00:34]} 32. Rg8
{[%clk 0:01:14]} Bg6 {[%clk 0:00:33]} 33. Rh8 {[%clk 0:00:56]} Kg5
{[%clk 0:00:33]} 34. Rg8 {[%clk 0:00:49]} Kh4 {[%clk 0:00:34]} 35. Ke1
{[%clk 0:00:19]} Kh5 {[%clk 0:00:17]} 36. Rg7 {[%clk 0:00:13]} a5
{[%clk 0:00:09]} 37. Rxc7 Kg5 38. Re7 {[%clk 0:00:08]} Kf6 {[%clk 0:00:07]} 39.
Rc7 {[%clk 0:00:06]} Ke5 {[%clk 0:00:06]} 40. Nd7+ {[%clk 0:00:07]} Kf5
{[%clk 0:00:05]} 41. Nf8 {[%clk 0:00:06]} Bh5 {[%clk 0:00:07]} 42. Re7
{[%clk 0:00:04]} Rd1+ {[%clk 0:00:07]} 43. Kf2 {[%clk 0:00:05]} Rd2+
{[%clk 0:00:09]} 44. Kg3 {[%clk 0:00:07]} Rxa2 {[%clk 0:00:09]} 45. Rh7
{[%clk 0:00:07]} Bf3 {[%clk 0:00:09]} 46. Rf7+ {[%clk 0:00:08]} Ke5
{[%clk 0:00:10]} 47. Ng6+ {[%clk 0:00:07]} Ke6 {[%clk 0:00:10]} 48. Rc7
{[%clk 0:00:07]} Rg2+ {[%clk 0:00:11]} 49. Kf4 {[%clk 0:00:08]} Rxg6
{[%clk 0:00:09]} 50. Rxc6+ {[%clk 0:00:09]} Kf7 {[%clk 0:00:10]} 51. Rc7+
{[%clk 0:00:11]} Ke8 {[%clk 0:00:11]} 52. Ra7 {[%clk 0:00:09]} Rf6+
{[%clk 0:00:12]} 53. Ke5 {[%clk 0:00:10]} Rh6 {[%clk 0:00:13]} 54. Ra8+
{[%clk 0:00:08]} Kd7 {[%clk 0:00:13]} 55. Ra7+ {[%clk 0:00:09]} Kc8
{[%clk 0:00:15]} 56. Kd4 {[%clk 0:00:07]} Rh5 {[%clk 0:00:15]} 57. c5
{[%clk 0:00:09]} Kb8 {[%clk 0:00:12]} 58. Rxa5 Kc7 59. b4 {[%clk 0:00:09]} Bg2
{[%clk 0:00:13]} 60. b5 {[%clk 0:00:09]} Rh8 {[%clk 0:00:10]} 61. Ra7+
{[%clk 0:00:10]} Kb8 {[%clk 0:00:11]} 62. Rg7 {[%clk 0:00:09]} Bf1
{[%clk 0:00:11]} 63. b6 {[%clk 0:00:09]} Bb5 {[%clk 0:00:09]} 64. Kc3
{[%clk 0:00:08]} Bc6 {[%clk 0:00:09]} 65. Rc7 {[%clk 0:00:08]} Bd5
{[%clk 0:00:08]} 66. Kb4 {[%clk 0:00:08]} Rh1 {[%clk 0:00:08]} 67. Rd7
{[%clk 0:00:07]} Bc6 {[%clk 0:00:08]} 68. Kc4 {[%clk 0:00:07]} Bxd7
{[%clk 0:00:09]} 0-1